Central Library OPAC University of Rajshahi

Chemical engineering / (Record no. 76702)

MARC details
000 -LEADER
fixed length control field 00867nam a2200265 a 4500
001 - CONTROL NUMBER
control field 76702
003 - CONTROL NUMBER IDENTIFIER
rucl marc code BD-RjUL
005 - DATE AND TIME OF LATEST TRANSACTION
control field 20211209082856.0
008 - FIXED-LENGTH DATA ELEMENTS--GENERAL INFORMATION
fixed length control field 200114t19701965enka b 001 0 eng
035 ## - SYSTEM CONTROL NUMBER
System control number (BD-RjUL)76926
040 ## - CATALOGING SOURCE
Original cataloging agency DLC
Transcribing agency DLC
Modifying agency DLC
-- BD-RjUL
Language of cataloging eng
041 ## - LANGUAGE CODE
Language code of text/sound track or separate title eng
082 00 - DEWEY DECIMAL CLASSIFICATION NUMBER
Classification number 660
Edition number 23
Author mark and year COC 1970
100 1# - MAIN ENTRY--PERSONAL NAME
Personal name Coulson, J. M.
Fuller form of name (John Metcalfe)
9 (RLIN) 49476
245 10 - TITLE STATEMENT
Title Chemical engineering /
Statement of responsibility, etc. J.M. Coulson and J.F. Richardson.
250 ## - EDITION STATEMENT
Edition statement ELBS Edition 1970
260 ## - PUBLICATION, DISTRIBUTION, ETC. (IMPRINT)
Place of publication, distribution, etc. Oxford ; London :
Name of publisher, distributor, etc. Pergamon Press,
Date of publication, distribution, etc. 1970
Place of publication, distribution, etc. London :
300 ## - PHYSICAL DESCRIPTION
Pagination V. :
Illustrations ill. ;
Size 24 cm.
504 ## - BIBLIOGRAPHY, ETC. NOTE
Bibliography, etc Includes bibliographies and indexes.
505 0# - FORMATTED CONTENTS NOTE
Formatted contents note Vol.1. Fluid flow, heat transfer and mass transfer -- v. 2. Unit operations -- v. 3 --
650 #0 - SUBJECT ADDED ENTRY--TOPICAL TERM
Topical term or geographic name as entry element Chemical engineering.
9 (RLIN) 49478
700 1# - ADDED ENTRY--PERSONAL NAME
Personal name Richardson, J. F.
Fuller form of name (John Francis)
942 ## - ADDED ENTRY ELEMENTS (KOHA)
Source of classification or shelving scheme Dewey Decimal Classification
Koha item type Books
Holdings
Lost status Source of classification or shelving scheme Damaged status Not for loan Collection code Permanent Location Current Location Shelving location Date acquired Source of acquisition Total Checkouts Full call number Date last seen Copy number Koha item type
  Dewey Decimal Classification   Not For Loan Non-fiction Central Library, University of Rajshahi Central Library, University of Rajshahi Reading Room 13/01/2020 sahitho saykat rajshahi   660 COC 1970 V-1 13/01/2020 C-1 Books